000 00997nam a22002897a 4500
003 DO-SdBNP
005 20171206095838.0
008 161031b 1996 xxu a 00| 0 spa d
020 _a0673769674
040 _aBPMSU
_bspa
_cBPMSU
082 _axxxx
_bP995
100 1 _aPye, Trevor
245 1 0 _aEn el patio /
_cTrevor Pye ; adaptación Vivian Cuesta ; traducción Olivia Ruiz, Patricia Almada, Lourdes Davis Machado, Roni Capin Rivera Ashford.
260 _aEstados Unidos :
_bCelebration Press,
_bScott Foresman,
_c1996.
300 _a16 p. :
_bil. ;
_c18 cm.
490 1 _aPequeñitas celebraciones
700 1 2 _aCuesta, Vivian
_eadap.
700 1 2 _aRuiz, Olivia
_etrad.
700 1 2 _aAlmada, Patricia
_etrad.
700 1 2 _aDavis Machado, Lourdes
_etrad.
700 1 2 _aRivera Ashford, Roni Capin
_etrad.
830 0 _aPequeñitas celebraciones
910 _a000144
942 _2ddc
_cBK
945 _ainventariado extranjero / DG
956 _2YLOCKWARD
_310
_8BPMSU
_aYngrid Lockward
999 _c12755
_d12755